| 000 | 00583nam a2200169 i 4500 | ||
|---|---|---|---|
| 001 | 28804 | ||
| 003 | ES-MaACL | ||
| 005 | 20230909063059.0 | ||
| 007 | t| | ||
| 008 | 030120s1900 sp ||||1| spa d | ||
| 100 | 1 |
_aBalaguer, Víctor, _d1824-1901 _924806 |
|
| 245 | 1 | 0 |
_aDiscurso leído en la fiesta inaugural de los Juegos Florales de la ciudad de Zaragoza en 1900 / _cpor su presidente, Víctor Balaguer. |
| 260 |
_aZaragoza : _bHospicio Provincial, _c1900. |
||
| 650 | 4 |
_aJuegos florales- _zZaragoza. _9171352 |
|
| 852 |
_aES-MaACL _jT-995-F-5 |
||
| 999 |
_c28804 _d28804 |
||